000 00563nam a2200181Ia 4500
008 100917s9999 xx 000 0 und d
082 _b42603
100 _aशाकीर मोईन/ शिंदे ज. रा. - संपा.
245 _aवर्ग आणि जाती
260 _bजागृती ट्रस्ट
_c1979
300 _a114
365 _b20
520 _aनिबंध
630 _aवर्ग आणि जाती
650 _aनिबंध
730 _aवर्ग आणि जाती
942 _cBOOK
999 _c647997
_d647994